Tall pitch modified rosin- a new plasticising additive in the production of tyres and mechanical rubber goods (Record no. 70204)

MARC details
000 -LEADER
fixed length control field 00629nam a2200217Ia 4500
100 ## - MAIN ENTRY--AUTHOR NAME
Personal name Ismagilov R M
245 #0 - TITLE STATEMENT
Title Tall pitch modified rosin- a new plasticising additive in the production of tyres and mechanical rubber goods
260 ## - PUBLICATION, DISTRIBUTION, ETC. (IMPRINT)
Name of publisher International Polymer Science and Technology
Year of publication 2004
300 ## - PHYSICAL DESCRIPTION
Number of Pages 25-28
650 ## - SUBJECT ADDED ENTRY--TOPICAL TERM
Topical Term Plasticising additive
650 ## - SUBJECT ADDED ENTRY--TOPICAL TERM
Topical Term Rubber goods
650 ## - SUBJECT ADDED ENTRY--TOPICAL TERM
Topical Term Tyre
700 ## - ADDED ENTRY--PERSONAL NAME
Personal name Nesterova L A
700 ## - ADDED ENTRY--PERSONAL NAME
Personal name Radbil A B
700 ## - ADDED ENTRY--PERSONAL NAME
Personal name Radbil B A
700 ## - ADDED ENTRY--PERSONAL NAME
Personal name Sukhinin N S
700 ## - ADDED ENTRY--PERSONAL NAME
Personal name Sukhinina T A
700 ## - ADDED ENTRY--PERSONAL NAME
Personal name Yugov V V
942 ## - ADDED ENTRY ELEMENTS (KOHA)
Koha item type Journals
Holdings
Withdrawn status Lost status Damaged status Not for loan Home library Current library Shelving location Date acquired Serial Enumeration / chronology Koha item type
      Journals RRII Library RRII Library Rubber chemistry 17/12/2021 Volume 31, Issue 12 Journals